Statystyki dla Quiz o Saint Lucia

Kliknij tutaj aby rozwiązać quiz!

Ogólne statystyki

  • Ten quiz został rozwiązany 105 razy
  • Średni wynik to 10 z 15

Statystyki odpowiedzi

WskazówkaOdpowiedź% Poprawnych
Morze, z którym graniczy Saint LuciaMorze Karaibskie
100%
Kraj, od którego Saint Lucia uzyskała niepodległość w 1979 rokuWielka Brytania
90%
... który jest częścią większej sieci wyspMałe {Antyle}
87%
Kraj na południe od Saint LuciaSaint Vincent i Grenadyny
82%
Francuska wyspa, zaczynająca się na literę M, położona na północ od Saint LuciaMartynika
80%
W przeliczeniu na jednego mieszkańca Saint Lucia ma najwięcej laureatów tej nagrodyNagroda Nobla
76%
Najpopularniejszy sportKrykiet
75%
Owoce, które stanowią 22% eksportuBanany
74%
StolicaCastries
62%
Saint Lucia to jedyny kraj, którego nazwa pochodzi od ...Kobiety
58%
Waluta dzielona z siedmioma innymi krajami i terytoriamiDolar {wschodniokaraibski}
51%
Narodowy ptak to gatunek _____, który można znaleźć tylko na Saint LuciaPapugi
46%
Wyspy, do których należy Saint LuciaWyspy {Nawietrzne}
39%
Saint Lucia jest jedynym krajem w obu Amerykach, który sprzeciwił się ogłoszeniu
przez ONZ deklaracji praw dla tych ludzi
LGBT
37%
Imię, które pierwotni mieszkańcy Arawak nadali Saint Lucia
(wskazówka: gad)
Kraina {Iguany}
29%

Rozkład punktacji

Percentyl według liczby udzielonych odpowiedzi

Procent ludzi z każdym wynikiem

Twoja historia wyników

Nie rozwiązałeś tego quizu